[Event "European Online CC GpE"]
[Site "Tornelo INT"]
[Date "2021.03.27"]
[Round "4.1"]
[Board "3"]
[White "Lejeune, Gael"]
[Black "Tarlabasi, Emirhan"]
[Result "0-1"]
[BlackTitle "FM"]
[WhiteElo "2070"]
[BlackElo "2301"]
[WhiteTeam "Club d'Echecs Lexovien"]
[BlackTeam "Anatolia White"]
[WhiteFideId "640972"]
[BlackFideId "6350275"]
[EventDate "2021.03.27"]
[EventType "team"]

1. d4 d5 2. Nc3 e6 3. e4 Bb4 4. exd5 exd5 5. Bd3 Nf6 6. Ne2 O-O 7. Bg5 c5 8.
dxc5 Nbd7 9. O-O Bxc3 10. Nxc3 Qa5 11. Bf5 Qxc5 12. Bxd7 Nxd7 13. Qxd5 Qxd5 14.
Nxd5 f6 15. Bf4 Nb6 16. Nc7 Rb8 17. Nb5 Ra8 18. Bd6 Rd8 19. Rfd1 Bf5 20. Nd4 Bg4
21. Bc7 Rd7 22. Bxb6 Bxd1 23. Rxd1 axb6 24. a3 Rad8 25. c3 Kf7 26. f3 g6 27. Kf2
Re8 28. Rd2 h6 29. a4 Ra8 30. b3 Rc8 31. Rd3 f5 32. Ke2 Kf6 33. Kd2 Rcd8 34. Re3
Re7 35. Rd3 Rde8 36. h4 Re1 37. c4 Rg1 38. Nb5 Rxg2+ 39. Kc3 Rg3 40. Kb4 g5 41.
hxg5+ Kxg5 42. Nc7 Re7 43. f4+ Kg4 44. Rxg3+ Kxg3 45. Nd5 Re6 46. Kb5 h5 47.
Nxb6 h4 48. c5 h3 49. Nc4 h2 0-1

[Event "European Online CC GpE"]
[Site "Tornelo INT"]
[Date "2021.03.28"]
[Round "7.2"]
[Board "1"]
[White "Westerberg, Jonathan"]
[Black "Mikhalevski, Victor"]
[Result "0-1"]
[WhiteTitle "IM"]
[BlackTitle "GM"]
[WhiteElo "2534"]
[BlackElo "2552"]
[WhiteTeam "Stockholms SS"]
[BlackTeam "Beer Sheva Chess Club"]
[WhiteFideId "1701754"]
[BlackFideId "2801914"]
[EventDate "2021.03.27"]
[EventType "team"]

1. e4 e5 2. Nf3 Nc6 3. Bc4 Bc5 4. c3 Nf6 5. Qe2 O-O 6. Bb3 d5 7. d3 h6 8. Nbd2
Re8 9. h3 Nh5 10. g3 Be6 11. Nf1 f5 12. Be3 d4 13. Bxe6+ Rxe6 14. Bd2 fxe4 15.
dxe4 d3 16. Qd1 Qf6 17. N1h2 Qg6 18. Qa4 b5 19. Qxb5 Qxe4+ 20. Kd1 Bxf2 21. Qb3
Re8 22. Rf1 Qe2+ 23. Kc1 Nxg3 24. Rd1 e4 0-1